LEADER 00790nam0-2200301---450- 001 990008779350403321 005 20081215110635.0 035 $a000877935 035 $aFED01000877935 035 $a(Aleph)000877935FED01 035 $a000877935 100 $a20081215d1964----km-y0itay50------ba 101 0 $aita 102 $aIT 105 $ay-------001fy 200 1 $aTre racconti$fTommaso Landolfi 210 $aFirenze$cVallecchi$d©1964 215 $a116 p.$d22 cm 225 1 $aNarratori Vallecchi 676 $a853.91$v16$zita 700 1$aLandolfi,$bTommaso$f<1908-1979>$0158152 801 0$aIT$bUNINA$gRICA$2UNIMARC 901 $aBK 912 $a990008779350403321 952 $aBIB. BAT. 6912$b14222$fBAT 959 $aBAT 996 $aTre racconti$9810188 997 $aUNINA LEADER 00818nam0-22002891i-450 001 990004691650403321 005 20240320163541.0 035 $a000469165 100 $a19990604d1971----km-y0itay50------ba 101 0 $aita 102 $aIT 105 $af-------00--- 200 1 $aCiviltą artistica etrusco-italica$fMassimo Pallottino 210 $aFirenze$cSansoni$d1971 215 $a130 p., 76 c. di tav.$d20 cm$cill. 225 1 $aBiblioteca Sansoni$v60 610 0 $aArte etrusca 676 $a709.375 676 $a937.5 700 1$aPallottino,$bMassimo$f<1909-1995>$06753 801 0$aIT$bUNINA$gRICA$2UNIMARC 901 $aBK 912 $a990004691650403321 952 $a709.01 PALM 01$bIst.Fil.Cl.3447$fFLFBC 959 $aFLFBC 996 $aCiviltą artistica etrusco-italica$9556469 997 $aUNINA